Structural Analysis, SI Edition/

Structural Analysis excels in providing a clear and thorough presentation of the theory and applications of structural analysis as it applies to trusses, beams, and frames. It empowers you to succeed by drawing upon Professor Hibbeler’s decades of classroom experience and knowledge of how students l...

Бүрэн тодорхойлолт

-д хадгалсан:
Номзүйн дэлгэрэнгүй
Үндсэн зохиолч: Hibbeler, Russell C. (Зохиогч)
Формат: Цахим Ном
Хэвлэсэн: Harlow : Pearson International Content, 2024.
Хэвлэл:Eleventh edition
Нөхцлүүд:
Онлайн хандалт:https://resolver.vitalsource.com/9781292469737
Шошгууд: Шошго нэмэх
Шошго байхгүй, Энэхүү баримтыг шошголох эхний хүн болох!

MARC

LEADER 00000nam#a2200000 4500
001 9781292469737
003 VST
005 20260317120218.0
006 m o d
007 cr#un#---uucau
008 240416s2024 xxk o 00 0 eng d
020 |a  9781292469737   |q  (ebook)  
040 |a VST  |b eng  |c VST  |d VST 
072 |a NON000000  |2 bisacsh 
072 |a TNC  |2 bicssc 
100 1 |a Hibbeler, Russell C.  |e author 
245 1 0 |a Structural Analysis, SI Edition/  |c  Russell C. Hibbeler. 
250 |a Eleventh edition 
264 1 |a Harlow :  |b Pearson International Content,  |c 2024. 
300 |a 1 online resource 
336 |a text  |b txt  |2 rdacontent 
337 |a computer  |b c  |2 rdamedia 
338 |a online resource  |b cr  |2 rdacarrier 
520 |a Structural Analysis excels in providing a clear and thorough presentation of the theory and applications of structural analysis as it applies to trusses, beams, and frames. It empowers you to succeed by drawing upon Professor Hibbeler’s decades of classroom experience and knowledge of how students learn. Through its user-friendly, clear organization, the text helps you develop the ability to model and analyze a structure to prepare you for professional practice. The 11th Edition in SI Units features more content on structural modeling and approximately 30% new problems that involve applications to many different fields of engineering. 
650 4 |a Non-Classifiable 
856 4 0 |u https://resolver.vitalsource.com/9781292469737 
999 |c 249626  |d 249625